000
00223 a2200097 4500
001
3129
090
_c
2411
_d
2411
100
_a
Mark, T
245
_a
Armaments, arms, control & Disarmament
260
_a
France
_b
UNESCO
_c
1982
942
_a
NUST-CAE
_k
327.174THE
999
_c
238202
_d
238202